[Event "Bogota McGregor op 4th"]
[Site "Bogota"]
[Date "2013.12.08"]
[Round "8"]
[White "Verastegui, Fernando"]
[Black "Buitrago, Bernardo"]
[Result "1-0"]
[WhiteElo "2081"]
[BlackElo "1880"]
[PlyCount "63"]
[EventDate "2013.12.04"]
[EventType "swiss"]
[EventRounds "9"]
[EventCountry "COL"]
[SourceTitle "CBM 157 Extra"]
[Source "ChessBase"]
[SourceDate "2013.12.19"]
[SourceVersion "1"]
[SourceVersionDate "2013.12.19"]
[SourceQuality "1"]

1. d4 Nf6 2. c4 e6 3. a3 c5 4. dxc5 Bxc5 5. b4 Be7 6. Nc3 b6 7. Bf4 Bb7 8. Nb5 Na6 9. Nd6+ Bxd6 10. Bxd6 Ne4 11. Nf3 Nxd6 12. Qxd6 Qc7 13. Qd4 0-0 14. e4 Rad8 15. Rd1 d5 16. cxd5 exd5 17. e5 Nb8 18. Bb5 a6 19. Bd3 Rfe8 20. 0-0 h6 21. Rfe1 Nc6 22. Qh4 b5 23. Rc1 Qd7 24. Qg3 Na7 25. Nd4 g6 26. e6 fxe6 27. Rc7 Re7 28. Rxd7 Rdxd7 29. Qxg6+ Rg7 30. Qxe6+ Kh8 31. Qxh6+ Kg8 32. Re8+ 1-0

[Event "COL-chT"]
[Site "Bogota"]
[Date "2010.10.17"]
[Round "6.4"]
[White "Verastegui, Fernando"]
[Black "Torres, Juan Camilo"]
[Result "0-1"]
[WhiteElo "2094"]
[BlackElo "2185"]
[PlyCount "66"]
[EventDate "2010.10.15"]
[EventType "swiss"]
[EventRounds "7"]
[EventCountry "COL"]
[SourceTitle "EXT 2024"]
[Source "ChessBase"]
[SourceDate "2023.10.10"]
[SourceVersion "1"]
[SourceVersionDate "2023.10.10"]
[SourceQuality "1"]

1. d4 d5 2. c4 c6 3. Nc3 Nf6 4. Bf4 dxc4 5. a4 Nd5 6. Bd2 b5 7. e4 Nxc3 8. bxc3 e6 9. Nf3 a6 10. Qb1 Be7 11. Be2 0-0 12. h4 f5 13. e5 Nd7 14. a5 c5 15. Ng5 Bxg5 16. hxg5 g6 17. f4 Qc7 18. Be3 cxd4 19. cxd4 Bb7 20. Kf2 Be4 21. Qb4 Nb8 22. Bf3 Bxf3 23. gxf3 Nc6 24. Qc5 Rfd8 25. Rhb1 Rd5 26. Qb6 Qc8 27. Rd1 Rb8 28. Qc5 Rxc5 29. dxc5 Nb4 30. Rd6 Nc2 31. Rad1 Nxe3 32. Kxe3 Qxc5+ 33. Ke2 c3 0-1

[Event "COL-chT"]
[Site "Bogota"]
[Date "2010.10.15"]
[Round "2.5"]
[White "Verastegui, Fernando"]
[Black "Salcedo, Edison"]
[Result "0-1"]
[WhiteElo "2094"]
[BlackElo "2129"]
[PlyCount "26"]
[EventDate "2010.10.15"]
[EventType "swiss"]
[EventRounds "7"]
[EventCountry "COL"]
[SourceTitle "EXT 2024"]
[Source "ChessBase"]
[SourceDate "2023.10.10"]
[SourceVersion "1"]
[SourceVersionDate "2023.10.10"]
[SourceQuality "1"]

1. d4 d5 2. c4 Nf6 3. Nc3 e6 4. Bg5 Nbd7 5. e3 c6 6. Nf3 Be7 7. c5 e5 8. Be2 e4 9. Ne5 Nxe5 10. dxe5 Nd7 11. Bxe7 Qxe7 12. 0-0 Qxe5 13. Rc1 Nxc5 0-1